| 000 | 02279cam a2200457 i 4500 | ||
|---|---|---|---|
| 001 | 18203367 | ||
| 003 | BJBSDDR | ||
| 005 | 20260417172328.0 | ||
| 006 | a|||||r|||| 00| 0 | ||
| 007 | ta | ||
| 008 | 140627s2015 nyuabf rb 001 0beng | ||
| 010 | _a 2014020087 | ||
| 020 | _a9781101874233 | ||
| 035 | _a18203367 | ||
| 040 |
_aDLC _beng _cDLC _erda _dDLC |
||
| 041 | _aeng | ||
| 042 | _apcc | ||
| 043 | _an-us--- | ||
| 050 | 0 | 0 |
_aE312.25 _b.M627w 2015 |
| 082 | 0 | 0 |
_a973.3/4092 _aB _223 |
| 100 | 1 |
_aMiddlekauff, Robert Lawrence, _d1929-2021 _936011 |
|
| 245 | 1 | 0 |
_aWashington's revolution : _bthe making of America's first leader / _cRobert Middlekauff. |
| 264 | 1 |
_aNew York : _bAlfred A. Knopf, _c2015. |
|
| 300 |
_axvi, 358 pages, 8 unnumbered pages of plates : _billustrations, maps ; _c25 cm |
||
| 336 |
_atext _2rdacontent |
||
| 337 |
_aunmediated _2rdamedia |
||
| 338 |
_avolume _2rdacarrier |
||
| 504 | _aIncludes bibliographical references and index. | ||
| 505 | 0 | _aPart I. Virginian -- Prologue: the young Washington's world -- Young Washington -- The making of a soldier -- From planter to patriot -- Part II. American -- Boston -- New York -- The Philadelphia Campaign, 1777 -- Valley Forge -- Part III. Citizen of the world -- Citizen of the world -- Weary but resolute -- Mutiny and rallying the French -- Yorktown -- The war's end -- Epilogue: return to Virginia. | |
| 520 | _aPresents a portrait of the formative years that shaped the first American President and offers detailed psychological insights into his beliefs, passions and patriotism | ||
| 600 | 1 | 0 |
_aWashington, George, _d1732-1799. |
| 650 | 0 |
_aGenerals _zUnited States _vBiography. |
|
| 651 | 0 |
_aUnited States _xHistory _yRevolution, 1775-1783 _vBiography. |
|
| 651 | 0 |
_aUnited States _xHistory _yRevolution, 1775-1783 _xCampaigns. |
|
| 655 | 7 |
_aBiographies. _2lcgft _0https://id.loc.gov/authorities/genreForms/gf2014026049 |
|
| 906 |
_a7 _bcbc _corignew _d1 _eecip _f20 _gy-gencatlg |
||
| 942 |
_2lcc _n0 _cBK |
||
| 946 | _illh | ||
| 999 |
_c126844 _d126844 |
||